| 000 | 00703cab a2200205 4500 | ||
|---|---|---|---|
| 001 | WB2931-79 | ||
| 008 | 090401t xxu||||| |||| 00| 0 eng d | ||
| 035 | _a(Sirsi) u6105 | ||
| 041 | _aeng | ||
| 245 | _aChurch Commissioners | ||
| 260 | _c(345/15) 12 August 1993(1) | ||
| 350 | _a0 | ||
| 490 |
_aDowning Street Press Notice _v(345/15) 12 August 1993(1) |
||
| 520 | _aMr Jeremy Newsum BSc FRICS and Mr Godfrey Richardson FRICS have been appointed Church Commissioners in succession to Mr Brian Howard and Mr David Male. | ||
| 650 | _aABOUT RICS-RICS MEMBERS | ||
| 650 | _aCHURCH COMMISSIONERS | ||
| 690 | _aMANAGEMENT-BUSINESS MANAGEMENT-PROFESSIONAL PRACTICE | ||
| 942 | _n0 | ||
| 948 | _c04/03/1997 | ||
| 999 |
_c3664 _d3664 |
||